000 00333 a2200157 4500
001 69723
020 _a9788536305943
040 _cAnchieta - Itaigara
100 _aShaywitz, Sally
240 1 0 _aEntendo a dislexia
_lpor
245 1 0 _aEntendo a dislexia
300 _a286
362 0 _a2006
650 4 _aEducação
942 _cBK
999 _c69723
_d69723